| 000 | 00506nam a2200217Ia 4500 | ||
|---|---|---|---|
| 001 | 1475 | ||
| 003 | GE_BSU | ||
| 008 | 181216s||||||||xx |||||||||||||| ||und|| | ||
| 020 | _a3540440852 | ||
| 040 | _cGE_BSU | ||
| 080 | _a511 | ||
| 100 | _aJech, Thomas | ||
| 245 | _aSet Theory. The Third Millennium Edition revised and expanded | ||
| 260 | _aNew York | ||
| 260 | _c2003 | ||
| 300 | _a771c. | ||
| 541 | _h500Gel | ||
| 653 | _aSet Theory. | ||
| 653 | _aმათემატიკა | ||
| 942 | _cBK | ||
| 999 |
_c35609 _d35609 |
||